[Event "Cap Aurora FISCA op"]
[Site "Cap Aurora"]
[Date "2022.06.28"]
[Round "8"]
[White "Bujorean, Dorel"]
[Black "Nicolae, Marian Valentin"]
[Result "0-1"]
[WhiteElo "1608"]
[BlackElo "1886"]
[PlyCount "124"]
[EventDate "2022.06.22"]
[EventType "swiss"]
[EventRounds "9"]
[EventCountry "ROU"]
[SourceTitle "EXT 2023"]
[Source "ChessBase"]
[SourceDate "2022.10.05"]
[SourceVersion "1"]
[SourceVersionDate "2022.10.05"]
[SourceQuality "1"]

1. d4 d5 2. Nf3 f5 3. g3 Nf6 4. Bg2 e6 5. 0-0 Be7 6. Nbd2 0-0 7. c4 c6 8. b3 Bd7 9. Bb2 Ne4 10. Ne5 Be8 11. Ndf3 Bh5 12. Qc2 g5 13. e3 g4 14. Nd2 Nxd2 15. Qxd2 Bd6 16. Nd3 Nd7 17. Nf4 Bxf4 18. exf4 Nf6 19. Qe2 Re8 20. f3 gxf3 21. Bxf3 Bxf3 22. Rxf3 Qd7 23. Rd1 Kf7 24. Bc3 Rg8 25. Be1 Rae8 26. Rf2 Rg6 27. Rg2 Reg8 28. c5 h5 29. h4 Rg4 30. b4 Ne4 31. Rd3 Rb8 32. Rb3 a6 33. a4 Nf6 34. b5 axb5 35. axb5 Rgg8 36. Qb2 Qc7 37. Qb1 Nd7 38. Kh2 Ra8 39. Rgb2 Rgb8 40. Qd1 Nf6 41. Qb1 Nd7 42. Kg2 Ke7 43. Re3 Kf7 44. Ra2 Rxa2+ 45. Qxa2 cxb5 46. Qe2 Nf6 47. Rxe6 Ra8 48. Re5 Qd7 49. Bb4 Re8 50. Qd3 Rxe5 51. fxe5 Ne4 52. Qf3 Kg6 53. Qa3 f4 54. Qf3 fxg3 55. Be1 Qf5 56. Qb3 Qg4 57. Qxb5 Qxh4 58. Qe8+ Kg7 59. Qd7+ Kg6 60. Qxd5 Qh2+ 61. Kf3 Qh1+ 62. Kf4 Qf1+ 0-1